| 000 | 00332nam a2200121Ia 4500 | ||
|---|---|---|---|
| 008 | 191201s2019 xx 000 0 und d | ||
| 100 | _aBHISE,SB and YADAV, AV | ||
| 245 | 0 | _aHuman anatomy and physiologes | |
| 260 |
_bNirali prakashan _aNew Delhi _c2019 |
||
| 300 | _aMISC | ||
| 650 | _aHuman Anatomy & Physiology | ||
| 942 |
_2ddc _cBK _03 |
||
| 999 |
_c8285 _d8285 |
||